[Event "Ruhrgebiet Verbandsklasse Gruppe 3 1819"]
[Site "Nordrheinwestfalen"]
[Date "2018.11.04"]
[Round "3.8"]
[White "Watzlawek, Volker"]
[Black "Schaller, Sigrid"]
[Result "1-0"]
[WhiteElo "1639"]
[BlackElo "1490"]
[PlyCount "55"]
[EventDate "2018.09.23"]
[EventType "team-tourn"]
[EventRounds "9"]
[EventCountry "GER"]
[SourceTitle "EXT 2022"]
[Source "ChessBase"]
[SourceDate "2021.10.06"]
[SourceVersion "1"]
[SourceVersionDate "2021.10.06"]
[SourceQuality "1"]
[WhiteTeam "Unna SV"]
[BlackTeam "Welper SV II"]
[WhiteTeamCountry "GER"]
[BlackTeamCountry "GER"]

1. e4 e6 2. d3 d5 3. Nd2 c5 4. g3 Nc6 5. Bg2 Nf6 6. Ngf3 Bd6 7. 0-0 0-0 8. Re1 Qc7 9. c3 b6 10. Qe2 Nd7 11. Ng5 h6 12. exd5 exd5 13. Nxf7 Nf6 14. Nxd6 Qxd6 15. Nf3 Bg4 16. Bf4 Qd7 17. Qf1 Rad8 18. Ne5 Nxe5 19. Rxe5 Qb5 20. h3 Bc8 21. b3 Qa5 22. Qc1 Ba6 23. Bxh6 gxh6 24. Qxh6 Qxc3 25. Qg6+ Kh8 26. Re7 Qxa1+ 27. Bf1 Rg8 28. Qh6+ 1-0

[Event "GER-ch (Women)"]
[Site "Gladenbach"]
[Date "2010.07.17"]
[Round "1.3"]
[White "Pflug, Tanja"]
[Black "Schaller, Sigrid"]
[Result "1/2-1/2"]
[WhiteElo "2042"]
[BlackElo "1745"]
[PlyCount "71"]
[EventDate "2010.07.17"]
[EventType "swiss"]
[EventRounds "7"]
[EventCountry "GER"]
[SourceTitle "EXT 2012"]
[Source "ChessBase"]
[SourceDate "2011.11.24"]
[SourceVersion "1"]
[SourceVersionDate "2011.11.24"]
[SourceQuality "1"]

1. f4 b6 2. Nf3 Bb7 3. g3 g6 4. Bg2 Bg7 5. 0-0 e6 6. d3 d5 7. Qe1 Ne7 8. c3 0-0 9. g4 Nd7 10. Qg3 c5 11. Nbd2 Qc7 12. Qh4 Nf6 13. Ne5 d4 14. Ndf3 Ned5 15. Bd2 dxc3 16. bxc3 b5 17. e4 Ne7 18. f5 exf5 19. gxf5 gxf5 20. Bh6 Ng6 21. Nxg6 fxg6 22. Bxg7 Qxg7 23. Ng5 Rae8 24. exf5 Bxg2 25. Kxg2 gxf5 26. Kh1 Kh8 27. Rxf5 Qb7+ 28. Ne4 Nxe4 29. Rxf8+ Rxf8 30. dxe4 Qf7 31. Qg3 Rg8 32. Qe5+ Rg7 33. Qf5 Qxf5 34. exf5 Rf7 35. Rd1 Rxf5 36. Rd8+ 1/2-1/2

[Event "BL2 West 0809 (Women)"]
[Site "Germany"]
[Date "2008.12.06"]
[Round "3.6"]
[White "Schaller, Sigrid"]
[Black "Benzen, Marthe"]
[Result "1/2-1/2"]
[WhiteElo "1545"]
[BlackElo "1848"]
[PlyCount "90"]
[EventDate "2008.11.08"]
[EventType "team-tourn"]
[EventRounds "7"]
[EventCountry "GER"]
[SourceTitle "EXT 2010"]
[Source "ChessBase"]
[SourceDate "2010.11.25"]
[SourceVersion "1"]
[SourceVersionDate "2010.11.25"]
[SourceQuality "1"]
[WhiteTeam "Wattenscheid (W)"]
[BlackTeam "Kiel Doppelbauer (W)"]
[WhiteTeamCountry "GER"]
[BlackTeamCountry "GER"]

1. Nf3 Nf6 2. d4 g6 3. c4 Bg7 4. Nc3 d6 5. e4 0-0 6. Bd3 c5 7. d5 a6 8. 0-0 Nbd7 9. Re1 Ng4 10. h3 Nge5 11. Nxe5 Nxe5 12. f4 Nxd3 13. Qxd3 Bd4+ 14. Be3 e5 15. Kh1 f5 16. fxe5 Bxe5 17. Bh6 Rf7 18. Bd2 Qh4 19. exf5 Bxf5 20. Qe3 Qxc4 21. b3 Qd3 22. Qxd3 Bxd3 23. Rac1 Raf8 24. Bh6 Rf1+ 25. Rxf1 Rxf1+ 26. Rxf1 Bxf1 27. Bd2 Bd3 28. Na4 Bb1 29. Bc3 Bxa2 30. Bxe5 dxe5 31. Nxc5 Kf7 32. Nxb7 Bxb3 33. d6 Ke8 34. d7+ Kxd7 35. Nc5+ Kc6 36. Nxb3 Kd5 37. Kg1 Kc4 38. Na5+ Kb5 39. Nb3 Kb4 40. Nd2 a5 41. Kf2 Kc3 42. Ke3 a4 43. Ne4+ Kc2 44. Nc5 a3 45. Nd3 Kc3 1/2-1/2

[Event "BL2 Gr01 0506 (Women)"]
[Site "Germany"]
[Date "2005.11.20"]
[Round "4.6"]
[White "Schiller Lueckemeier, Daniela"]
[Black "Schaller, Sigrid"]
[Result "0-1"]
[WhiteElo "1356"]
[BlackElo "1566"]
[PlyCount "120"]
[EventDate "2005.10.29"]
[EventType "team-tourn"]
[EventRounds "7"]
[EventCountry "GER"]
[SourceTitle "EXT 2007"]
[Source "ChessBase"]
[SourceDate "2006.11.23"]
[SourceVersion "1"]
[SourceVersionDate "2006.11.23"]
[SourceQuality "1"]
[WhiteTeam "Hofheim (W)"]
[BlackTeam "Wattenscheid (W)"]
[WhiteTeamCountry "GER"]
[BlackTeamCountry "GER"]

1. d4 Nf6 2. c3 b6 3. e3 Bb7 4. f4 g6 5. Nf3 Bg7 6. Bd3 0-0 7. 0-0 d6 8. Qc2 Nbd7 9. e4 e6 10. f5 exf5 11. exf5 Re8 12. fxg6 fxg6 13. Bg5 Bxf3 14. gxf3 Nf8 15. Nd2 Qd7 16. Ne4 Nxe4 17. fxe4 Kh8 18. Qg2 c5 19. d5 Re5 20. Bf4 Re7 21. Rf3 Be5 22. Bh6 Bg7 23. Bg5 Re5 24. Bf6 Bxf6 25. Rxf6 Qe7 26. Rf3 Rg5 27. Rg3 Rxg3 28. Qxg3 Nd7 29. Rf1 Rf8 30. Rxf8+ Qxf8 31. Kg2 Ne5 32. Bb1 Kg7 33. h3 Qf6 34. Bc2 Nc4 35. b3 Na3 36. Bd1 Nb1 37. Bc2 Nxc3 38. a4 Na2 39. Bd1 Nb4 40. h4 Qb2+ 41. Kh3 Qe5 42. Qg4 Qe7 43. Qe6 Qxe6+ 44. dxe6 Kf6 45. Bg4 Nc6 46. Be2 Kxe6 47. Bc4+ Ke5 48. Bd5 Nb4 49. Bb7 Nd3 50. Kg3 Nb4 51. Kg4 h6 52. Kf3 Kd4 53. Kf4 Kc3 54. Bc8 Kxb3 55. Be6+ Kxa4 56. Bf7 Nd3+ 57. Ke3 Ne5 58. Bxg6 Nxg6 59. h5 Ne5 60. Kf4 c4 0-1

[Event "BL2 Gr01 0506 (Women)"]
[Site "Germany"]
[Date "2005.11.19"]
[Round "3.6"]
[White "Schaller, Sigrid"]
[Black "Meyer, Karin"]
[Result "1/2-1/2"]
[WhiteElo "1566"]
[BlackElo "1619"]
[PlyCount "54"]
[EventDate "2005.10.29"]
[EventType "team-tourn"]
[EventRounds "7"]
[EventCountry "GER"]
[SourceTitle "EXT 2007"]
[Source "ChessBase"]
[SourceDate "2006.11.23"]
[SourceVersion "1"]
[SourceVersionDate "2006.11.23"]
[SourceQuality "1"]
[WhiteTeam "Wattenscheid (W)"]
[BlackTeam "Duesseldorf (W)"]
[WhiteTeamCountry "GER"]
[BlackTeamCountry "GER"]

1. Nf3 d5 2. d4 e6 3. c4 c6 4. Nc3 f5 5. cxd5 exd5 6. g3 Nf6 7. Bg5 Be7 8. Bg2 Ne4 9. Bxe7 Qxe7 10. Ne5 Nd7 11. f4 0-0 12. Qb3 Ndf6 13. Nxe4 fxe4 14. 0-0 Kh8 15. Rac1 Ng4 16. a3 Be6 17. Qc3 Nxe5 18. fxe5 Rxf1+ 19. Rxf1 Rf8 20. Rxf8+ Qxf8 21. e3 Kg8 22. Qa5 a6 23. Qb6 Qe7 24. Qa7 Qc7 25. Bf1 Qd7 26. b4 h6 27. Be2 Qf7 1/2-1/2

[Event "BL2 Gr01 0506 (Women)"]
[Site "Germany"]
[Date "2005.10.30"]
[Round "2.6"]
[White "Mueller, Kathrin"]
[Black "Schaller, Sigrid"]
[Result "1-0"]
[WhiteElo "1762"]
[BlackElo "1566"]
[PlyCount "63"]
[EventDate "2005.10.29"]
[EventType "team-tourn"]
[EventRounds "7"]
[EventCountry "GER"]
[SourceTitle "EXT 2007"]
[Source "ChessBase"]
[SourceDate "2006.11.23"]
[SourceVersion "1"]
[SourceVersionDate "2006.11.23"]
[SourceQuality "1"]
[WhiteTeam "Mannheim (W)"]
[BlackTeam "Wattenscheid (W)"]
[WhiteTeamCountry "GER"]
[BlackTeamCountry "GER"]

1. d4 Nf6 2. c4 e6 3. Nc3 d5 4. Bg5 Be7 5. e3 0-0 6. Qc2 Nbd7 7. Nf3 b6 8. cxd5 exd5 9. Bd3 h6 10. Bf4 Bb7 11. 0-0 c5 12. Rad1 Nh5 13. Be5 cxd4 14. exd4 Nxe5 15. dxe5 Nf4 16. Bf5 Bc5 17. Qd2 g5 18. g3 Ne6 19. Nxd5 Kg7 20. Be4 g4 21. Nh4 Ng5 22. Nf5+ Kh8 23. Bg2 Re8 24. Qc3 Nh3+ 25. Bxh3 Bxd5 26. Bg2 Qg5 27. e6+ Kg8 28. Bxd5 fxe6 29. Bxa8 exf5 30. Bd5+ Kh7 31. Bb3 f4 32. Rd7+ 1-0

[Event "BL2 Gr1 0304 (Women)"]
[Site "Germany"]
[Date "2004.01.11"]
[Round "5.5"]
[White "Doehmen, Katrin"]
[Black "Schaller, Sigrid"]
[Result "1-0"]
[WhiteElo "2019"]
[BlackElo "1619"]
[PlyCount "85"]
[EventDate "2003.10.25"]
[EventType "team-tourn"]
[EventRounds "7"]
[EventCountry "GER"]
[SourceTitle "EXT 2006"]
[Source "ChessBase"]
[SourceDate "2005.11.24"]
[SourceVersion "1"]
[SourceVersionDate "2005.11.24"]
[SourceQuality "1"]
[WhiteTeam "Holsterhausen (W)"]
[BlackTeam "Wattenscheid (W)"]
[WhiteTeamCountry "GER"]
[BlackTeamCountry "GER"]

1. c4 c5 2. Nc3 Nc6 3. g3 Nf6 4. Bg2 b6 5. Nf3 Bb7 6. 0-0 e6 7. d4 Nxd4 8. Nxd4 Bxg2 9. Kxg2 cxd4 10. Qxd4 Bc5 11. Qd3 d5 12. Bg5 dxc4 13. Qxc4 Qd4 14. Qb5+ Qd7 15. Bxf6 gxf6 16. Qxd7+ Kxd7 17. Ne4 f5 18. Rfd1+ Ke7 19. Nxc5 bxc5 20. Rac1 Rhc8 21. Rc4 Rab8 22. b3 Rb4 23. Rdc1 Rxc4 24. Rxc4 a5 25. e4 fxe4 26. Rxe4 f5 27. Rh4 Rh8 28. Kf3 Kf6 29. Ke3 Ke5 30. Kd3 Kd5 31. Kc3 h5 32. a3 e5 33. f3 Rh7 34. g4 fxg4 35. fxg4 Ke4 36. gxh5+ Kf3 37. h6 e4 38. Kd2 e3+ 39. Ke1 Rb7 40. h7 Rxb3 41. Rh3+ Kg4 42. h8Q Rb1+ 43. Ke2 1-0